000
00323 a2200157 4500
001
170900
020
_a
040
_c
Magnum
100
_a
Anastasia, Carla
240
1
0
_a
Inconfidencia mineira
_l
por
245
1
0
_a
Inconfidencia mineira
362
0
_a
1899
440
1
_a
Ática
697
_a
PARADIDATICO
942
_c
BK
999
_c
170900
_d
170900